1268 1360 1475 1562 1024 1991 1702 1438 1854 1585 1839 1114 1015 1924 1511 1317 1873 1524 1279 1427 1497 1294 1526 1227 1453 1596 1780 1654 1558 1743 1909 1849 1737 1129 1459 1319 1975 1154 1346 1881 1193 1091 1186 1768 1322 1813 1571 1013 1033 1323 1699 1448 1256 1173 1985 1402 1530 1150 1239 1461 1429 1794 1934 1308 1949 1459 1273 1320 1509 1132 1548 1671 1027 1795 1740 1828 1528 1169 1427 1429 1108 1023 1795 1912 1838 1798 1577 1462 1290 1871 1512 1198 1319 1502 1846 1123 1819 1335 1490 BCNSPRNW ULIB Ver.6.0+V

เปลี่ยนเป็นภาษาไทย

Change to English
 แสดงรายละเอียดบรรณานุกรม
  กลับหน้าหลัก

Brief Record : Get Marc (ISO 2709) : E-mail record : QR code < ปิดหน้าต่าง
LEADER : 00000nam 2200000uu 4500
001    13399125123
003     ULIB
008    160930s2555||||th 000 0 tha d
020    ^a9786167531281
090    ^aนว.^bก305ส
100    ^aกันยากร
245    ^aเสน่หาในรอยทราย /^cกันยากร
260    ^aกรุงเทพฯ :^bสำนักพิมพ์ ทัช ,^c2555
300    ^a344 หน้า
945    ^p240^l0^i001358
999    ^aณรีรัตน์ วารุกา
รายการนี้ยังไม่มีแท็ก
คุณยังไม่ได้ล็อกอิน คุณสามารถมีกิจกรรมร่วมกับเว็บไซต์ได้ แต่ต้องล็อกอินก่อน ::
  ล็อกอิน

รายการสื่อสารสนเทศ

ลำดับที่ ประเภท เลขเรียก/บาร์โค้ด สถานที่ สถานะ
1. นวนิยาย
นวนิยาย
นว. ก305ส ฉ.1 
  Barcode: 001358
ห้องสมุดวิทยาเขตนครสวรรค์
►นวนิยาย:l:Fiction
บนชั้น

BibComment


ยังไม่เคยถูกคอมเมนท์

คอมเมนท์ทรัพยากรรายการนี้
  คอมเมนท์: เสน่หาในรอยทราย ..


 Copyright 2026. Bcnsprnw @Library